Finance v kapitalistické společnosti

Uložené v:
Podrobná bibliografia
Hlavný autor: Veltruský, Ladislav
Korporativný autor: Vysoká škola ekonomická v Praze. Národohospodářská fakulta
Médium: Kniha
Jazyk:Czech
Vydavateľské údaje: Praha Státní pedagogické nakladatelství 1969
Edícia:Učební texty vysokých škol
Tagy: Pridať tag
Žiadne tagy, Buďte prvý, kto otaguje tento záznam!

MARC

LEADER 00000nam a2200000 4500
001 c122574
005 20190423075535.9
041 0 |a cze 
044 |a CZ 
245 1 0 |a Finance v kapitalistické společnosti  |c Ladislav Veltruský 
264 1 |a Praha  |b Státní pedagogické nakladatelství  |c 1969 
300 |a 117 s. 
490 1 |a Učební texty vysokých škol 
830 0 |a Učební texty vysokých škol 
100 1 |a Veltruský, Ladislav 
710 2 |a Vysoká škola ekonomická v Praze. Národohospodářská fakulta